Normal view
MARC view
- Belwalkar,Suman
Entry Personal Name
001 - CONTROL NUMBER
- control field: 89990
003 - CONTROL NUMBER IDENTIFIER
- control field: OSt
005 - DATE AND TIME OF LATEST TRANSACTION
- control field: 20220809080042.0
008 - FIXED-LENGTH DATA ELEMENTS
- fixed length control field: 220809|| aca||aabn | a|a d
040 ## - CATALOGING SOURCE
- Original cataloging agency: OSt
- Transcribing agency: OSt
100 ## - HEADING--PERSONAL NAME
- Personal name: Belwalkar,Suman
670 ## - SOURCE DATA FOUND
- Source citation: Work cat.: (OSt)49409: Chitnis, Vijay 89989, An intesive course reader in marathi, 2004